A centenary of English studies at Charles University: from Mathesius to present-day linguistics /

Další autoři: Malá, Markéta, 1967-, Šaldová, Pavlína, 1971-
Jazyk: Angličtina
Čeština
Vydáno: Praha : Univerzita Karlova v Praze, Filozofická fakulta, 2012
Vydání: Vyd. 1.
Témata:
Fyzický popis: 222 s. : il., portréty, faksim. ; 25 cm
Language note: Část. český text
Knihy
Uloženo v:
LEADER 02050nam a2200553 a 4500
001 nkc20132522437
003 CZ PrNK
005 20140114134317.0
007 ta
008 131129s2012 xr ach e 000 0deng
015 |a cnb002522437 
020 |a 978-80-7308-449-3  |q (váz.) 
035 |a (OCoLC)867822181 
040 |a ABA001  |b cze 
041 0 |a eng  |a cze 
043 |a e-xr---  |b e-xr-pg  |2 czenas 
045 |a x1y1 
072 7 |a 80  |x Filologie  |2 Konspekt  |9 11 
080 |a 378.4  |2 MRF 
080 |a 80(=111)+908(=1.100=111)  |2 MRF 
080 |a (437.311)  |2 MRF 
080 |a (062.552)  |2 MRF 
080 |a (082.2)  |2 MRF 
245 0 2 |a A centenary of English studies at Charles University: from Mathesius to present-day linguistics /  |c Markéta Malá, Pavlína Šaldová (eds) 
250 |a Vyd. 1. 
260 |a Praha :  |b Univerzita Karlova v Praze, Filozofická fakulta,  |c 2012 
300 |a 222 s. :  |b il., portréty, faksim. ;  |c 25 cm 
504 |a Obsahuje bibliografie a bibliografické odkazy 
546 |a Část. český text 
610 2 7 |a Univerzita Karlova  |7 kn20010710036  |2 czenas 
648 7 |a 20.-21. století  |7 ch462155  |2 czenas 
648 7 |a 1912-2012  |7 ch967344  |2 czenas 
650 0 7 |a univerzity  |7 ph126937  |z Česko  |y 20.-21. století  |2 czenas 
650 0 7 |a anglistika  |7 ph118464  |z Česko  |y 20.-21. století  |2 czenas 
650 0 9 |a universities  |z Czechia  |y 20th-21st centuries  |2 eczenas 
650 0 9 |a anglistics  |z Czechia  |y 20th-21st centuries  |2 eczenas 
651 7 |a Praha (Česko)  |7 ge118011  |2 czenas 
651 9 |a Prague (Czechia)  |2 eczenas 
655 7 |a sborníky  |7 fd724344  |2 czenas 
655 7 |a jubilejní publikace  |7 fd131839  |2 czenas 
655 9 |a papers  |2 eczenas 
655 9 |a jubilee books  |2 eczenas 
700 1 |a Malá, Markéta,  |d 1967-  |7 jx20100607014  |4 edt 
700 1 |a Šaldová, Pavlína,  |d 1971-  |7 jx20100607021  |4 edt 
910 2 |a BOA001  |b 2-1317.466 
990 |a BK 
995 |a 01 
991 |b 201401  |c NOV  |e n 
996 6 |b 2610574843  |c 2-1317.466  |l MZK  |r Sklad / do 1 hodiny  |n 0  |p p.v.  |w 001391631  |u 000010  |a 1  |e BOA001  |j MZK50  |s P